00445 2200169 4500001002100000005001500021035001900036245006000055100001200115300004000127260004400167082000700211084001300218022001300231863001700244990001400261INLIS00000000000051820210302111716$a 0010-0321000011$a ANCAS: Kabeh wong kawit lair nunggal drajat /$c Yusmanto$a Yusmanto$a 42 hlm : $b ilus ; $c 18.5 x 26.5 cm$a Purwokerto :$b Yayasan carablaka,$c 2020$a 050$a 050 YUS a$a 2087-023X$a Desember 2020$a M0088/2020